A 70 éves szegényházi ápolt öngyilkossága
Elmentve itt :
| Dokumentumtípus: | Cikk |
|---|---|
| Megjelent: |
1935-07-12
|
| Sorozat: | Délmagyarország
11 No. 154 |
| Kulcsszavak: | Vecsernyés Tamás, Öngyilkosság |
| Online Access: | http://dmarchiv.bibl.u-szeged.hu/40012 |
| LEADER | 00437nab a2200145 i 4500 | ||
|---|---|---|---|
| 001 | delm40012 | ||
| 005 | 20180927130035.0 | ||
| 008 | 180927s1935 hu o 0|| hun d | ||
| 040 | |a SZTE Délmagyarország Archívum |b hun | ||
| 041 | |a hun | ||
| 245 | 0 | 2 | |a A 70 éves szegényházi ápolt öngyilkossága |h [elektronikus dokumentum] |
| 260 | |c 1935-07-12 | ||
| 300 | |a 4 | ||
| 490 | 0 | |a Délmagyarország |v 11 No. 154 | |
| 695 | |a Vecsernyés Tamás, Öngyilkosság | ||